l'Initiation - Statistiques

Statistiques générales
  • Ce quiz a été pris 16 fois
  • Le résultat moyen est 4 sur 39
Statistiques - réponses
Hint Réponse % Correct
il existe plusieur ARN polymérase : l' ARN polymérase 1
100%
et ARN polymérase 2
100%
et ARN polymérase 3
100%
dans l'ARN poly 3 on transcrit les gènes """"" ARNt
33%
il existe deux principaux facteurs de transcription (OK) OK
33%
""" TATA
33%
" " " " "/" "/" T A T A A/T A/T
33%
et ARNr 18S
0%
et ARNr 28s
0%
gènes transcrit par l'ARN poly 1 : ARNr 5.8S
0%
et """" ARNr 5S
0%
cite tout les éléments : BRE
0%
élément de reconnaissance B (mettre 2 apres la réponse (reponse2)) BRE2
0%
""" DPE
0%
élément promoteur en aval DPE2
0%
ou """""" " """" éléments de contrôle
0%
ou """"" " """"" éléments de régulation
0%
Les facteurs de transcription reconnaissent des éléments de régulation situés près du promoteur • Ces séquences sont appelées """"" " """"" éléments de réponse
0%
Nécessaires pour la liaison de l’ARN polymérase au promoteur et son déplacement pendant la phase d’élongation • Nécessaires pour la transcription basale facteur de transcription généraux
0%
• Régulent le taux de transcription des gènes alentour • Influencent la capacité de l’ARN polymérase à initier la transcription d’un gène particulier facteur de transcription spécifique
0%
séquence concensus dans l'ordre des réponse du dessus "/" "/" " " " " " G/C G/C R C G C C
0%
""" INR
0%
élément d’initiation INR2
0%
n’importe quel nucléotide N
0%
dans l'ARN poly 2 : tout les gènes codant pour des """"" protéines
0%
uniquement purines (G/A) R
0%
" " "/" " " " " R G A/T C G T G
0%
et la plupart des """"" snARN
0%
quelque """" snARN
0%
plus les """""" snoARN
0%
élément promoteur en aval TATA2
0%
"""" TBP
0%
protéine de liaison à la boîte TATA TBP
0%
facteur de transcription TF
0%
facteur de transcription dans l'orde de réponse au dessus TFIIB
0%
""""" TFIID
0%
""""" TFIID
0%
uniquement pyrimidines (C/T) Y
0%
" " " " "/" " " Y Y A N T/A Y Y
0%
Aucun quiz correspondant
Distribution des résultats
% des personnes avec chaque résultat
Percentile par nombre de réponses
Votre historique - résultats
Vous n’avez pas pris ce quiz